000 00808cam a2200229 a 4500
001 12692076
005 20250127164608.0
008 020305s2002 nyua b 001 0 eng
020 _a071672846X
050 0 0 _aBF713
_b.M55 2002
082 0 0 _a155
_221
100 1 _aMiller, Patricia H.
245 1 0 _aTheories of developmental psychology /
_cPatricia H. Miller.
250 _a4th ed.
260 _aNew York :
_bWorth Publishers,
_cc2002.
300 _axiii, 518 :
_bill. ;
_c23 cm.
650 0 _aDevelopmental psychology
_xPhilosophy.
650 0 _aChild psychology
_xPhilosophy.
856 4 2 _3Publisher description
_uhttp://www.loc.gov/catdir/enhancements/fy0912/2002278297-d.html
856 4 1 _3Table of contents only
_uhttp://www.loc.gov/catdir/enhancements/fy0912/2002278297-t.html
942 _2lcc
_cBK
_n0
999 _c3106
_d3106